000 00419nam a2200157Ia 4500
003 GCL
040 _aGCL /
_cGCL
082 0 4 _a615.1
_bF A
100 1 _aFELLMANN, IRENE
245 1 0 _aDAS AQRABADIN AL - QALANISI /
_cFELLMANN, IRENE
260 _a[S.N] :
_bORIENT INSTITUTE DER DEUTSCHEN MOR. ،
_c1986
300 _a304 P
650 0 4 _aحوادث المرور
650 0 4 _aPHARMACOLOGY - HISTORY
942 _2ddc
_cBK
999 _c19750
_d19750